University Home | Library Home | Institutional Repository

Refugees, a problem of our time : (Record no. 180371)

MARC details
000 -LEADER
fixed length control field 01319cam9a220030100 4500
001 - CONTROL NUMBER
control field lce00972855
008 - FIXED-LENGTH DATA ELEMENTS--GENERAL INFORMATION
fixed length control field 740912s1975 njub b 001 0 eng
010 ## - LIBRARY OF CONGRESS CONTROL NUMBER
LC control number 74019471 //r892
020 ## - INTERNATIONAL STANDARD BOOK NUMBER
International Standard Book Number 0-8108-0746-7
035 ## - SYSTEM CONTROL NUMBER
System control number (Sirsi) r108290
035 ## - SYSTEM CONTROL NUMBER
System control number (DLC) 74019471 //r892
035 ## - SYSTEM CONTROL NUMBER
System control number (UPRA)lce00972855
050 0# - LIBRARY OF CONGRESS CALL NUMBER
Classification number HV 640 Hol 1975
Item number .H58
082 ## - DEWEY DECIMAL CLASSIFICATION NUMBER
Classification number 361.5/3
100 1# - MAIN ENTRY--PERSONAL NAME
Personal name Holborn, Louise W. (Louise Wilhelmine), 1898-
Fuller form of name Holborn, Louise W. (Louise Wilhelmine), 1898-
Dates associated with a name Holborn, Louise W. (Louise Wilhelmine), 1898-
Linkage A60876.1
245 10 - TITLE STATEMENT
Title Refugees, a problem of our time :
Remainder of title the work of the United Nations High Commissioner for Refugees, 1951-1972 /
Statement of responsibility, etc. by Louise W. Holborn ; with the assistance of Philip and Rita Chartrand.
260 ## - PUBLICATION, DISTRIBUTION, ETC.
Place of publication, distribution, etc. Metuchen, N.J. :
Name of publisher, distributor, etc. Scarecrow Press,
Date of publication, distribution, etc. 1975.
500 ## - GENERAL NOTE
General note "Issued under the auspices of the Radcliffe Institute, Cambridge, Massachusetts."
500 ## - GENERAL NOTE
General note Includes index.
500 ## - GENERAL NOTE
General note Issued in two volumes.
504 ## - BIBLIOGRAPHY, ETC. NOTE
Bibliography, etc. note Bibliography: p. 1447-1487.
610 20 - SUBJECT ADDED ENTRY--CORPORATE NAME
Corporate name or jurisdiction name as entry element Office of the United Nations High Commissioner for Refugees.
Linkage S51288.1
650 #0 - SUBJECT ADDED ENTRY--TOPICAL TERM
Topical term or geographic name entry element Refugees.
Linkage S51270.1
700 1# - ADDED ENTRY--PERSONAL NAME
Personal name Chartrand, Philip.
Linkage A66773.1
700 1# - ADDED ENTRY--PERSONAL NAME
Personal name Chartrand, Rita.
Linkage A66774.1
949 ## - LOCAL PROCESSING INFORMATION (OCLC)
a HV 640 Hol 1975
w lcc
c 1
i 33729000023163
m MAIN
p 2500
t BOOK
l ON-SHELF

No items available.

© 2026 - The University of Zambia Library - Koha v25.11